Catálogo

TEN Arquitectos/Enrique Norten : (Registro nro. 31875)

Detalles MARC
000 -LEADER
fixed length control field 01584cam a2200385 i 4500
001 - CONTROL NUMBER
control field 31875
003 - CONTROL NUMBER IDENTIFIER
control field Mx-PuUPA
005 - DATE AND TIME OF LATEST TRANSACTION
control field 20251022145602.0
008 - FIXED-LENGTH DATA ELEMENTS--GENERAL INFORMATION
fixed length control field 140415s2012 mx a gr 000 0 spa d
020 ## - INTERNATIONAL STANDARD BOOK NUMBER
International Standard Book Number 9786077784203
Qualifying information arquine
020 ## - INTERNATIONAL STANDARD BOOK NUMBER
International Standard Book Number 9786074558746
Qualifying information consejo Nacional para la cultura y las Artes
040 ## - CATALOGING SOURCE
Transcribing agency Mx-PuUPA
Original cataloging agency Mx-PuUPA
Language of cataloging spa
Modifying agency Mx-PuUPA
Description conventions rda
041 1# - LANGUAGE CODE
Language code of text/sound track or separate title spa
-- eng
043 ## - GEOGRAPHIC AREA CODE
Geographic area code n-mx---
245 00 - TITLE STATEMENT
Title TEN Arquitectos/Enrique Norten :
Remainder of title los límites de la forma = the limits of form /
Statement of responsibility, etc. edición y diseño/edition and design, Alejandro Hernández Gálvez ; textos/texts, Robert McCarter [y otros seis]
246 31 - VARYING FORM OF TITLE
Title proper/short title Los límites de la forma
246 31 - VARYING FORM OF TITLE
Title proper/short title The limits of form
250 ## - EDITION STATEMENT
Edition statement Primera edición
264 #1 - PRODUCTION, PUBLICATION, DISTRIBUTION, MANUFACTURE, AND COPYRIGHT NOTICE
Place of production, publication, distribution, manufacture México, D.F. :
Name of producer, publisher, distributor, manufacturer Arquine :
-- Consejo Nacional para la Cultura y las Artes,
Date of production, publication, distribution, manufacture, or copyright notice 2012
300 ## - PHYSICAL DESCRIPTION
Extent 295 páginas :
Other physical details ilustraciones, planos ;
Dimensions 30 cm
336 ## - CONTENT TYPE
Fuente rdacontent
Content type term texto
Content type code txt
336 ## - CONTENT TYPE
Fuente rdacontent
Content type term imagen fija
Content type code sti
337 ## - MEDIA TYPE
Source rdamedia
Media type term sin medio
Media type code n
338 ## - CARRIER TYPE
Source rdacarrier
Carrier type term volumen
Carrier type code nc
600 14 - SUBJECT ADDED ENTRY--PERSONAL NAME
Personal name Norten, Enrique,
Dates associated with a name 1954-
610 #4 - SUBJECT ADDED ENTRY--CORPORATE NAME
Corporate name or jurisdiction name as entry element TEN Arquitectos (Firm)
650 #7 - SUBJECT ADDED ENTRY--TOPICAL TERM
Source of heading or term armarc
Topical term or geographic name entry element Arquitectura
Geographic subdivision México
Chronological subdivision Siglo XXI
650 #7 - SUBJECT ADDED ENTRY--TOPICAL TERM
Source of heading or term armarc
Topical term or geographic name entry element Arquitectura
Geographic subdivision México
General subdivision Historia
Chronological subdivision Siglo XXI
700 1# - ADDED ENTRY--PERSONAL NAME
Personal name Hernández Gálvez, Alejandro,
Relator term editor
-- diseñador
9 (RLIN) 16866
700 1# - ADDED ENTRY--PERSONAL NAME
Personal name McCarter, Robert,
Relator term colaborador
942 ## - ADDED ENTRY ELEMENTS (KOHA)
Source of classification or shelving scheme Dewey Decimal Classification
Koha item type Libro
Suppress in OPAC
Classification part 720.9720904
Item part T28
Existencias
Withdrawn status Lost status Source of classification or shelving scheme Damaged status Not for loan Collection code Home library Current library Shelving location Date acquired Source of acquisition Total Checkouts Full call number Barcode Date last seen Price effective from Koha item type
    Dewey Decimal Classification     General Biblioteca Karol Wojtyla Biblioteca Karol Wojtyla Sala general 03/12/2013 Donación   720.9720904 T28 2012 46516 05/01/2026 03/12/2013 Libro